000
00229nam a22000977a 4500
999
_c
262814
_d
262813
020
_a
9780142407790
100
_a
Veronica Chambers
245
_a
Celia Cruz, queen of salsa
260
_a
New York
_b
Penguin Group
_c
2005
942
_c
BK